NFU makes progress in IACS penalties case (Record no. 70050)
[ view plain ]
| 000 -LEADER | |
|---|---|
| fixed length control field | 01141cam a2200253 4500 |
| 001 - CONTROL NUMBER | |
| control field | WB3815-25 |
| 008 - FIXED-LENGTH DATA ELEMENTS--GENERAL INFORMATION | |
| fixed length control field | 020423n2002 000 0 eng u |
| 035 ## - SYSTEM CONTROL NUMBER | |
| System control number | (Sirsi) u117647 |
| 245 ## - TITLE STATEMENT | |
| Title | NFU makes progress in IACS penalties case |
| 260 ## - PUBLICATION, DISTRIBUTION, ETC. | |
| Date of publication, distribution, etc. | 2002 |
| 490 ## - SERIES STATEMENT | |
| Series statement | NFU Press Release |
| Volume/sequential designation | 15 April 2002 (2) |
| 520 ## - SUMMARY, ETC. | |
| Summary, etc. | The National Farmers Union (NFU) has made significant progress in its legal fight to stop government from imposing penalties on arable farmers who have made genuine mistakes while claiming EU support payments. The Adocate General of the European Court of Human Justice believes that Government could be wrong to impose penalties on claims reaching back to the launch of the Integrated administration and control system (IACS) in 1993. NFU press release http://www.nfu.org.uk/pr/4025568/pr_template.htm |
| 590 ## - LOCAL NOTE (RLIN) | |
| Local note | WB |
| 650 ## - SUBJECT ADDED ENTRY--TOPICAL TERM | |
| Topical term or geographic name entry element | NATIONAL FARMERS UNION |
| 650 ## - SUBJECT ADDED ENTRY--TOPICAL TERM | |
| Topical term or geographic name entry element | EUROPEAN COURT OF JUSTICE |
| 650 ## - SUBJECT ADDED ENTRY--TOPICAL TERM | |
| Topical term or geographic name entry element | IACS |
| 650 ## - SUBJECT ADDED ENTRY--TOPICAL TERM | |
| Topical term or geographic name entry element | FARMERS |
| 650 ## - SUBJECT ADDED ENTRY--TOPICAL TERM | |
| Topical term or geographic name entry element | EU AID |
| 650 ## - SUBJECT ADDED ENTRY--TOPICAL TERM | |
| Topical term or geographic name entry element | FARMING INDUSTRY |
| 650 ## - SUBJECT ADDED ENTRY--TOPICAL TERM | |
| Topical term or geographic name entry element | PENALTIES |
| 650 ## - SUBJECT ADDED ENTRY--TOPICAL TERM | |
| Topical term or geographic name entry element | EUROPEAN COMMISSION |
| 690 ## - LOCAL SUBJECT ADDED ENTRY--TOPICAL TERM (OCLC, RLIN) | |
| Topical term or geographic name as entry element | RURAL-FARM BUSINESS MANAGEMENT |
| 942 ## - ADDED ENTRY ELEMENTS (KOHA) | |
| Suppress in OPAC | 0 |
| Withdrawn status | Lost status | Source of classification or shelving scheme | Damaged status | Not for loan | Home library | Current library | Shelving location | Date acquired | Total Checkouts | Full call number | Barcode | Date last seen | Copy number | Price effective from | Koha item type |
|---|---|---|---|---|---|---|---|---|---|---|---|---|---|---|---|
| Dewey Decimal Classification | London | London | News article | 23/04/2002 | WB3815-25 | 117647-1001 | 06/08/2019 | 1 | 06/08/2019 | News article |